00912nam a2200217 a 450000100100000000500170001000800410002702000150006804000250008308200150010810000350012324501190015826000690027730000340034649000340038050000740041450400310048883000450051995201130056499900170067700004147020201002034922.0131007s2001 sp ab 000 0 spa d z8400047907 aDO-SdBNPbspacBNPHU axxxbM244h1 aMaldonado Polo, J. Luis96815414aLas huellas de la razón :bla expedición científica de Centroamérica(1795-1803) /cJ. Luis Maldonado Polo. aMadrid :bConsejo Superior de Investigaciones Cientficas,c2001. a575 p. :bil., maps ;c21 cm.1 aEstudios sobre la cienciav27 aIncluye referencias bibliográficas y notas al pie de las páginas. aBibliografía: p. 557-575 0aEstudios sobre la ciencia, 27n27968155 001050718MOaGRbGRcCTd2013-10-07iLF1l0oxxx M244hp41470-10r2020-06-25w2020-06-25y1ZNo se presta c40960d40960